000 00532nam a2200193 a 4500
001 3388
005 20140414132038.0
008 040603s19uu xx 00 eng d
020 _a0-86163-792-5
050 _aTR
_bP96 1984
245 _aStory of the puss in boots (The) /
_cillustrated by Suzy-Jane Tanner.
260 _aLondon :
_bAward Publications,
_c1984.
300 _a1 v. v.p. : ill. ; cm.
440 _aRead along with me
500 _aTR/PS
650 _aFolktales.
650 _aChildren stories.
999 _c113789
_d113789